00857cam a22002531 4500001001300000003000400013005001700017008004100034010001700075035001800092040003100110042001200141043001200153050001600165100002000181245012300201260004800324300004800372500004800420651003800468700004200506740003800548999001700586rc 01002217 DLC20260227111905.0720830s1882 ohubcf 000 0ceng  arc 01002217  a(OCoLC)395286 aDLCcONcMdOCoLCdICNdDLC apremarc an-us-oh00aF497.M9bE91 aEverhart, J. F.10a1794.bHistory of Muskingum County, Ohio,bwith illustrations and biographical sketches of prominent men and pioneers. a[Columbus, O.]bF.J. Everhart & Co.,c1882. a480 p.bfront. (map) plates, ports.c31 cm. a"Publisher's preface" signed: A. A. Graham. 0aMuskingum County (Ohio)xHistory.1 aGraham, A. A.q(Albert Adams),d1848-0 aHistory of Muskingum County, Ohio c52268d52268